=LDR 00000nam 2200000 4500 =001 INLIS000000000000695 =005 20130612085129 =008 ***********************************Ind** =035 ##$$0010-061300000000695 =041 ##$$a Ind =082 ##$$a 92(Arthur) =090 ##$$a 92(Arthur), Man-d =100 ##$$a Manchester, William =245 ##$$a Donglas Mac Arthur sang penakluk, William Manchester; diterjemahkan oleh Francis Kleden =260 ##$$a 1989 $b Jakarta =300 ##$$a 412 hlm, ilus, 21 cm =650 ##$$a Arthur, Donglas Mac, 1880-1964 =700 ##$$a Kleden, Francis =850 ##$$a NBPNMAT